000 00943nam a22002537a 4500
005 2008061709559.0
008 080617t xxu||||| |||| 00| 0 eng d
010 _aENG-90355
020 _c200.00
_a8183984270
035 _aEN-73888
037 _bDBAD / PUB
040 _aDPL
_bEN
082 _a515.02462
100 _aBhupendra Singh
245 _aPragati's engineering calculus:
_cby Bhupendra Singh [and] Sudhir K. Pundir
_b[for B.Tech. I year students of Bannasthali University] /
260 _aMeerut
_bPragati Prakashan
_c2008
270 _aPragati Bhawan, 240, W.K, Road,
_bMeerut
_e250001
300 _aviii, 432p.
_c25 cm (pbk)
490 _a
500 _a
700 _aPundir, Sudhir K.
942 _cEN
_h 515.02462
_2ddc
_mBHU
999 _c13753
_d13753